Quizzes
Events
Quiz Creation
Community
Videos
Private Events
Remove Ads
Sign In
Join for FREE
Feedback
Dark Mode
Quiz Categories
Sports
Geography
Music
Movies
Television
Just For Fun
Miscellaneous
History
Literature
Language
Science
Gaming
Entertainment
Religion
Holiday
For Kids
Quiz Lab
Recent
Popular Today
Quiz Kudos Today
Editor Picks
Curator Picks
Quizzes by...
Day
Popularity
Type
Ratings
Length
Year
Community
Subscriptions
Recent Discussions
Orange Saloon
Badges
Playlists
Quests
Create
Leaderboards
Showdown
Live 5
Trivia Bingo
Activity
Puzzle Library
Sporcle Events
Private Events
Virtual Trivia
Globe League
Become a Host
Pub Owners
SporcleCon
Opinionation
Our Games
Videos
Blog
Mobile Apps
Partnerships
Remove Ads and Go Orange
Feedback
Entertainment
Celebrity
Famous
Musical
Broadway
Show
Quote
Comic Books
Anime
Superhero
DC Comics
Marvel
Cartoons
Animation
Entertainment
Celebrity
Famous
Musical
Broadway
Show
Quote
Comic Books
Anime
Superhero
DC Comics
Marvel
Cartoons
Animation
Random Quiz
Search Sporcle
×
Quiz Lab
Quiz Lab
Entertainment
Disney
Type in answers that appear in a list
Type in answers that appear in a list
Classic
Best Score? Go Orange.
Disney Antagonists Stats
Can you name the Disney antagonists from the movie titles?
By
r3d_f3rn
6m
30 Questions
729 Plays
729 Plays
729 Plays
Comments
Comments
Give Quiz Kudos
Give Quiz Kudos
-
- Ratings
hide this ad
Replay
Link that replays current quiz
Next Quiz
Link to next quiz in quiz playlist
You Got
0%
They Got
Avg Score
78%
Avg Friend Score
Upgrade to see
Score Distribution
Jump to the score distribution portion of the page
Score
0/30
Timer
06:00
0
Plays Today
Movie Title
Antagonist
% Correct
Peter Pan
Captain Hook
98.4%
Aladdin
Jafar
95.7%
The Lion King
Scar
94.6%
Beauty and the Beast
Gaston
92.7%
The Little Mermaid
Ursula
92%
Hercules
Hades
91.1%
Alice in Wonderland
Queen of Hearts
90.5%
101 Dalmatians
Cruella de Vil
89.3%
Sleeping Beauty
Maleficent
87.1%
The Jungle Book
Shere Khan and Kaa
86.7%
Cinderella
Lady Tremaine and the Stepsisters
86.5%
Lady and the Tramp
Aunt Sarah and Si & Am
85.9%
Toy Story
Sid Phillips
85.2%
Bambi
Human
83.2%
Snow White and the Seven Dwarfs
Evil Queen
82.8%
Movie Title
Antagonist
% Correct
Emperor's New Groove
Yzma
81.9%
A Bug's Life
Hopper
81.3%
Robin Hood
Prince John and Sir Hiss
79.4%
Hunchback of Notre Dame
Frollo
77.6%
Pocahontas
Governor Ratcliffe
75%
Mulan
Shan Yu
73.9%
The Aristocats
Edgar
68.4%
Pinocchio
Stromboli
66.8%
Princess and the Frog
Doctor Facilier
66.2%
The Rescuers
Madame Medusa
61.7%
Mickey & Co.
Pete
58.2%
Oliver & Company
Sykes
57.8%
The Black Cauldron
Horned King
53.8%
Fox and the Hound
Amos Slade
51.4%
Fantasia
Chernabog
46.8%
Quiz Playlist
Details
Report
Send in Message
Add To Playlist
Classic:
Type in answers that appear in a list
Last Updated: Feb 16, 2017
Quiz Scoreboard
CHALLENGE
Sign Up to Join the Scoreboard
Show All
Scores
Hide
Comments
May contain spoilers
Recently Published
Movies - When Are They Set?
by FPL_Elf
Movies
5m
Popular People in 1961
by mucciniale
History
6m
1-10 Letter E Words III
by El_Dandy
Language
2m
More to Explore
Quiz From the Vault
Featured Blog Post
Where Did the Easter Bunny Come From?
hide this ad
You Might Also Like...
Tags
Disney Quiz
antagonist
Villains
Today's Top Quizzes in Entertainment
Browse Entertainment
hide this ad
Today's Top Quizzes in Disney
Browse Disney
Top Contributed Quizzes in Entertainment
1
Kamen Rider Motifs
2
Dragon Ball Z: Goku's Fights in Order
3
Dragon Ball Z: Mega Character Search
4
Marvel Characters Bunker
5
Criteria Quickie: Cartoon Taxonomy II
6
One Piece Arcs By Order III
7
Fictional Villains Letter U Blitz
8
Ana Gasteyer or Kathryn Hahn?
9
One Thing in Common: Fictional Characters
10
Dragon Ball Z: Super Saiyans in Order
Explore More
Trending Topics
Kpop
NBA
Disney
Crossword
Marvel
Harry Potter
Anime
Soccer
Country
Pokémon
Puzzle
Song
WWE
The Office
NFL
hide this ad
More By:
r3d_f3rn
Quiz
Plays
Rating
Category
Featured
Created
Disney's Hercules Characters by Therapy Session
1,395
4.25
Entertainment
Jul 5, 2011
Disney Characters: Hot/Cold
1,093
1.08
Entertainment
Oct 30, 2011
Lion King Characters
944
5.00
Entertainment
Jul 5, 2011
Disney Antagonists
729
4.50
Entertainment
Jul 3, 2011
Disney's The Little Mermaid Royalty
678
5.00
Movies
Jun 21, 2011
Go to Creator's Profile
Score Distribution
Quiz Creator Spotlight
r3d_f3rn
Follow
Send a Message
Quizzes Created
-
Created Quiz Play Count
-
More By This Creator
Popular Quizzes Today
1
Find the Countries of Europe - No Outlines Minefield
2
Find the US States - No Outlines Minefield
3
The Countries of the World
4
Popular People in 1961
5
US States
6
1-10 Letter E Words III
7
Find the US States
8
One Thing in Common: World Cities II
More Entertainment Quizzes
As Seen in Minecraft: Disney
Curator's Pick
Trending Quizzes
Risky Map Clicking: Least Populous States A-Z
1-10 Letter F Words
1-10 Letter G Words
One Thing in Common: United Kingdom
Risky Map Clicking: Next State Alphabetically
Recently Updated
Leaping Animals
pecheneg
Reality TV Shows (A-Z)
bhenderson79
Rickey Henderson's Hall of Fame Teammates
pecheneg
Champions League XIs: Arsenal
pecheneg
Quick Pick: Celebrities in WWE's Hall of Fame
aduchscher
A-Z Keypad Blitz II
pecheneg
Multiple Oscar Actors
pecheneg
Mystery Phrase Blitz: Oscar 'Best Actors'
pecheneg
F. Scott Fitzgerald Novels
LTH
Pick 3 Villains
ddd62291
Trending Topics
Harry Potter
Crossword
Disney
Marvel
NBA
Kpop
Anime
WWE
Pokémon
Puzzle
Song
Country
NFL
Soccer
The Office
Your Account Isn't Verified!
In order to create a playlist on Sporcle, you need to verify the email address you used during registration. Go to your
Sporcle Settings
to finish the process.
Report this User
Report this user for behavior that violates our
Community Guidelines
.
Details:
Send Report
Go to the Sporcle.com Mobile Site →
Comments